|
|
|
|
| LEADER |
00000nab a2200000 a 4500 |
| 001 |
vtls000088645 |
| 003 |
SK-MaSNL |
| 005 |
20260303031936.0 |
| 008 |
111103c1981 xo 0 slo |
| 015 |
|
|
|a SNBRB19rr/mm-uuuuu
|
| 035 |
|
|
|a CL0098748
|
| 040 |
|
|
|a SNKBUCL
|b slo
|c SNKBUCL
|e AACR2
|
| 041 |
0 |
|
|a slo
|
| 044 |
|
|
|a xo
|c SK
|
| 080 |
|
|
|a 730
|2 1981
|
| 100 |
1 |
|
|a Petránsky, Ľudovít,
|d 1943-2021
|4 aut
|9 92780
|
| 245 |
1 |
0 |
|a Dielo Jána Kulicha
|c Ľudo Petránsky
|
| 300 |
|
|
|b Obr. 1.
|
| 650 |
0 |
7 |
|a Kulich, Ján,
|d 1930-2015
|2 snkbucl
|9 1002971
|
| 655 |
|
7 |
|a články z novín a časopisov
|2 snkbucl
|9 267496
|
| 773 |
0 |
|
|t Smena na nedeľu
|g Roč. 34, č. 22 (1981), s. 6-7
|
| 850 |
|
|
|a Slovenská národná knižnica v Martine
|a MTA001
|
| 852 |
|
|
|a SNK
|b KIS3GCP
|
| 958 |
|
|
|a RK
|
| 992 |
|
|
|a RBX
|
| 999 |
|
|
|c 1661249
|d 1663179
|